Cheshire A-Z - Statistics

General Stats
  • This quiz has been taken 81 times
    77 since last reset
  • The average score is 14 of 25
Answer Stats
Hint Answer % Correct
M River that constitutes the border with Lancashire Mersey
90%
D River that runs through Chester Dee
86%
O The UK's largest designer outlet Cheshire {Oaks}
79%
B Town on the W; across the M from Liverpool Birkenhead
76%
K Town named for King Cnut Knutsford
76%
Z Attraction seen as perhaps the best of its kind in the UK Chester {Zoo}
74%
F Bordering Welsh county Flintshire
74%
N Town north of Middlewich Northwich
74%
W Western peninsula Wirral
72%
A Manchester commuter town Altrincham
66%
J Observatory and UNESCO World Heritage Site Jodrell Bank
66%
Y Bordering county Yorkshire
64%
I W borders Liverpool Bay, part of this body of water Irish Sea
62%
R Fourth-largest settlement; new town Runcorn
59%
C Author who named a grinning cat after his home county Lewis Carroll
53%
T Stately home and estate north of K Tatton Hall
53%
H Seaside town on the W; home of The Royal Liverpool Golf Club Hoylake
45%
L Stately home and estate on the edge of the Peak District Lyme Park
40%
Q Tunnel under the M; the UK's longest Queensway Tunnel
40%
E Famous Chester clock Eastgate Clock
34%
U Home to Z {Upton}-by-Chester
34%
S Singer from the village of Holmes Chapel Harry Styles
33%
G Area home to the expensive homes of Premier League footballers Golden Triangle
16%
P Narrow area surrounded by three other counties Cheshire {Panhandle}
10%
V Roman name for Chester Deva {Victrix}
7%
No matching quizzes found
Score Distribution
Percent of People with Each Score
Percentile by Number Answered
Your Score History
You have not taken this quiz since the last reset